Statistics for Lakes by Satellite Image #2

Click here to take the quiz!

General Stats

  • This quiz has been taken 13 times
    (8 since last reset)
  • The average score is 8 of 20

Answer Stats

Answer% Correct
Great Bear Lake
100%
Lake Nicaragua
88%
Great Slave Lake
75%
Lake Garda
63%
Lake Winnipeg
63%
Lago Como
50%
Lake Balkhash
50%
Loch Ness
50%
Issyk-Kol
38%
Lago Maggiore
38%
Lake Onega
38%
Vänern
38%
Lake Tana
25%
Lake Turkana
25%
Lake Vostok
25%
Saimaa
25%
Lake Eyre
13%
Lake Kivu
13%
Lake Sevan
13%
Lake Urmia
13%

Score Distribution

Percentile by Number Answered

Percent of People with Each Score

Your Score History

You have not taken this quiz since the last reset